000 00732cam a2200253 4500
008 000000n2000 000 0 eng u
020 _a0415222656
035 _a(Sirsi) u103158
050 _a331.712
100 _aCorfield, Penelope J.
245 _aPower and the professions in Britain 1700-1850.
260 _aLondon
_bRoutledge
_c2000
300 _ax, 269p. ; 24cm.
350 _a18.99
500 _aFirst published in hardback 1995
520 _aFor Surveyors see pages 283-284
650 _aPROFESSIONS
650 _aASSOCIATIONS
650 _aINSTITUTIONS
650 _aHISTORY
650 _aCAREERS, EDUCATION AND TRAINING
690 _aMANAGEMENT-BUSINESS MANAGEMENT-PROFESSIONAL PRACTICE
942 _n0
999 _c100090
_d100090